<?xml version="1.0" encoding="UTF-8"?>
<record
    xmlns:xsi="http://www.w3.org/2001/XMLSchema-instance"
    xsi:schemaLocation="http://www.loc.gov/MARC21/slim http://www.loc.gov/standards/marcxml/schema/MARC21slim.xsd"
    xmlns="http://www.loc.gov/MARC21/slim">

  <leader>00932na  a2200265   4500</leader>
  <controlfield tag="001">18968</controlfield>
  <controlfield tag="003">MIRAKIL</controlfield>
  <controlfield tag="005">20181213155051.0</controlfield>
  <controlfield tag="008">161206b        tu            000 0      </controlfield>
  <datafield tag="020" ind1=" " ind2=" ">
    <subfield code="a">9756786051</subfield>
  </datafield>
  <datafield tag="040" ind1=" " ind2=" ">
    <subfield code="a">Milas</subfield>
    <subfield code="b">tur</subfield>
    <subfield code="c">TR-AnCHP</subfield>
  </datafield>
  <datafield tag="041" ind1=" " ind2=" ">
    <subfield code="a">tur</subfield>
  </datafield>
  <datafield tag="082" ind1=" " ind2=" ">
    <subfield code="a">355.30956 </subfield>
    <subfield code="b">O75 1999</subfield>
  </datafield>
  <datafield tag="090" ind1=" " ind2=" ">
    <subfield code="a">355.30956 O75 1999</subfield>
  </datafield>
  <datafield tag="245" ind1=" " ind2=" ">
    <subfield code="a">Osmanl&#x131; ordu te&#x15F;kilat&#x131;</subfield>
    <subfield code="c">haz&#x131;rlayan makam Milli Savunma Bakanl&#x131;&#x11F;&#x131; Personel Daire Ba&#x15F;kanl&#x131;&#x11F;&#x131;, haz&#x131;rlayanlar Cengiz Ero&#x11F;lu, H&#xFC;lya Yarar, &#x130;. G&#xF6;ktu&#x11F; Demir&#xF6;z</subfield>
  </datafield>
  <datafield tag="260" ind1=" " ind2=" ">
    <subfield code="a">Ankara</subfield>
    <subfield code="b">T&#xFC;rk Tarih Kurumu bas&#x131;mevi</subfield>
    <subfield code="c">1999</subfield>
  </datafield>
  <datafield tag="300" ind1=" " ind2=" ">
    <subfield code="a">yakla&#x15F;&#x131;k 300 s.</subfield>
    <subfield code="b">res.,tbl.,</subfield>
    <subfield code="c">30 sm.</subfield>
  </datafield>
  <datafield tag="504" ind1=" " ind2=" ">
    <subfield code="a">Kaynak&#xE7;a var</subfield>
  </datafield>
  <datafield tag="650" ind1=" " ind2=" ">
    <subfield code="a">Askerlik bilimi</subfield>
    <subfield code="x">Organizasyon</subfield>
    <subfield code="z">Osmanl&#x131; &#x130;mparatorlu&#x11F;u</subfield>
  </datafield>
  <datafield tag="700" ind1=" " ind2=" ">
    <subfield code="a">Demir&#xF6;z, &#x130;. G&#xF6;ktu&#x11F;</subfield>
  </datafield>
  <datafield tag="700" ind1=" " ind2=" ">
    <subfield code="a">Yarar, H&#xFC;lya</subfield>
  </datafield>
  <datafield tag="700" ind1=" " ind2=" ">
    <subfield code="a">Ero&#x11F;lu, Cengiz</subfield>
  </datafield>
  <datafield tag="710" ind1=" " ind2=" ">
    <subfield code="a">Milli Savunma Bakanl&#x131;&#x11F;&#x131;</subfield>
    <subfield code="b">Personel Dairesi Ba&#x15F;kanl&#x131;&#x11F;&#x131;</subfield>
  </datafield>
  <datafield tag="942" ind1=" " ind2=" ">
    <subfield code="2">ddc</subfield>
    <subfield code="c">BKS</subfield>
  </datafield>
  <datafield tag="952" ind1=" " ind2=" ">
    <subfield code="a">0001</subfield>
    <subfield code="b">0001</subfield>
    <subfield code="d">2016-12-06</subfield>
    <subfield code="e">2</subfield>
    <subfield code="l">0</subfield>
    <subfield code="o">355.30956 O75 1999</subfield>
    <subfield code="p">010170</subfield>
    <subfield code="r">2016-12-06 00:00:00</subfield>
    <subfield code="v">0.00</subfield>
    <subfield code="w">2016-12-06</subfield>
    <subfield code="y">BKS</subfield>
  </datafield>
  <datafield tag="999" ind1=" " ind2=" ">
    <subfield code="c">5921</subfield>
    <subfield code="d">5921</subfield>
  </datafield>
</record>
